000 00314nam a22001337a 4500
008 181008b xxu||||| |||| 00| 0 eng d
020 _a9781111402884
041 _aeng
080 _212th
_a612.39
100 _a10
101 _aNUT
245 _aNutrition: Concepts and Controversies
_cSizer,F
942 _2udc
_cBK
999 _c49026
_d49026